000 00582nam a22002057a 4500
005 20251108172838.0
008 250721s1998 xx 000 0 ara d
082 1 4 _a614.599/حسن
100 1 _aحسنين، تهاني المهدي
245 1 0 _aالحساسية /
264 1 _aالقاهرة :
_bمكتبة ابن سينا،
_c1998.
300 _a159ص.
650 1 7 _aالامراض
650 1 7 _aالعلاج
650 1 7 _aالحساسية
650 1 7 _aأمراض المناعة
650 1 7 _aالحساسية الغذائية
942 _2ddc
_cBK
999 _c89920
_d89920